نظام تصنيف أكسفورد العشري للعلوم الحراجيه : (رقم التسجيلة. 28675)

تفاصيل مارك
000 -LEADER
fixed length control field 00797nam a22001937a 4500
005 - DATE AND TIME OF LATEST TRANSACTION
control field 20251108165452.0
008 - FIXED-LENGTH DATA ELEMENTS--GENERAL INFORMATION
fixed length control field 250721s1979 xx 000 0 ara d
082 14 - DEWEY DECIMAL CLASSIFICATION NUMBER
Classification number م/025.466349/عبد
100 1# - MAIN ENTRY--PERSONAL NAME
Personal name بن عبد الله، عبد العزيز
245 10 - TITLE STATEMENT
Title نظام تصنيف أكسفورد العشري للعلوم الحراجيه :
Remainder of title إنجليزي - فرنسي - عربي /
250 ## - EDITION STATEMENT
Edition statement جديده ومنقحه
264 1# - PRODUCTION, PUBLICATION, DISTRIBUTION, MANUFACTURE, AND COPYRIGHT NOTICE
Place of production, publication, distribution, manufacture الرباط :
Name of producer, publisher, distributor, manufacturer المنظمة العربية للتربية و الثقافة و العلوم - مكتب تنسيق التعريب في الوطن العربي،
Date of production, publication, distribution, manufacture, or copyright notice 1979.
300 ## - PHYSICAL DESCRIPTION
Extent 278ص
490 0# - SERIES STATEMENT
Series statement سلسلة المعاجم
650 17 - SUBJECT ADDED ENTRY--TOPICAL TERM
Topical term or geographic name as entry element تصنيف الكتب
650 17 - SUBJECT ADDED ENTRY--TOPICAL TERM
Topical term or geographic name as entry element الغابات و التحريج
942 ## - ADDED ENTRY ELEMENTS (KOHA)
Source of classification or shelving scheme Dewey Decimal Classification
Koha item type مراجع
المقتنيات
حالة السحب حالة الفقدان مصدر التصنيف حالة التلف غير قابل للإعارة المكتبة الرئيسية المكتبة الحالية موقع الرف تاريخ التزويد الرقم المتسلسل Total Checkouts رقم الإستدعاء الباركود تاريخ آخر ظهور تاريخ الفاتورة نوع المادة (كوها)
    Dewey Decimal Classification   Not For Loan المكتبة المركزية المكتبة المركزية مراجع 06/07/2004 66687   م/025.466349/عبد 66687 28/07/2025 06/07/2004 مراجع
Implemented & Customized by: BBB with SCIT (Smart Chains for Information Technology)

Powered by Koha